000 00303nam a2200121Ia 4500
003 LDD
040 _cLDD
245 0 _aUniversity of madras annual report for the academic year-2004-2005
260 _aUniversity of Madras
_c2006
901 _a1254
_b03-03-1998
902 _b23-03-1998
942 _2ddc
_cCD
999 _c151623
_d151623